Giới quan chức trong kinh doanh: ý nghĩa kinh tế và chính trị của sở hữu nhà nước (Sách tham khảo)

में बचाया:
ग्रंथसूची विवरण
स्वरूप: पुस्तक
भाषा:Undetermined
प्रकाशित: Hà Nội Đại Học Quốc Gia 1999
विषय:
टैग : टैग जोड़ें
कोई टैग नहीं, इस रिकॉर्ड को टैग करने वाले पहले व्यक्ति बनें!
Thư viện lưu trữ: Trung tâm Học liệu Trường Đại học Cần Thơ
LEADER 00584nam a2200169Ia 4500
001 CTU_37028
008 210402s9999 xx 000 0 und d
020 |b 75.000đ 
082 |a 330 
082 |b Gi462 
245 0 |a Giới quan chức trong kinh doanh: ý nghĩa kinh tế và chính trị của sở hữu nhà nước (Sách tham khảo) 
260 |a Hà Nội 
260 |b Đại Học Quốc Gia 
260 |c 1999 
650 |a economic policy,managerial economics 
904 |i Minh, 000617 
980 |a Trung tâm Học liệu Trường Đại học Cần Thơ